[Event "Greifswald Springer op"]
[Site "Greifswald"]
[Date "2022.10.10"]
[Round "6"]
[White "Stepanjan, Marianne"]
[Black "Christensen, Andreas"]
[Result "1/2-1/2"]
[WhiteElo "1525"]
[BlackElo "1835"]
[PlyCount "171"]
[EventDate "2022.10.08"]
[EventType "swiss"]
[EventRounds "7"]
[EventCountry "GER"]
[SourceTitle "CBM 210 Extra"]
[Source "ChessBase"]
[SourceDate "2022.11.30"]
[SourceVersion "1"]
[SourceVersionDate "2022.11.30"]
[SourceQuality "1"]

1. e4 c6 2. d4 d5 3. exd5 cxd5 4. c4 Bf5 5. Nc3 e6 6. Nf3 h6 7. Be2 Nf6 8. Bf4 Be7 9. 0-0 0-0 10. c5 Ne4 11. Nxe4 Bxe4 12. Qb3 Qc8 13. Ne5 Nc6 14. Nxc6 bxc6 15. Qg3 Kh8 16. Qa3 Qd7 17. Ba6 g5 18. Bg3 h5 19. f3 Bh7 20. Bd3 h4 21. Bf2 Bd8 22. Bxh7 Kxh7 23. Qd3+ Kh8 24. Be3 f5 25. f4 g4 26. Bd2 Bf6 27. Rae1 Kg7 28. Re3 Kf7 29. Rfe1 Rfe8 30. b4 Qc7 31. R3e2 Bg7 32. a4 Bh6 33. Rf1 a6 34. Qa3 Qb8 35. Qc1 Bg7 36. Bc3 Re7 37. Qe1 Bh6 38. Qxh4 Bxf4 39. Qh7+ Kf6 40. Qh4+ Kf7 41. Qh7+ Kf6 42. Qh4+ Bg5 43. Qxg4 Qg8 44. Qg3 Kf7 45. Bd2 Bf6 46. Qxg8+ Rxg8 47. Bc3 Rg4 48. Rd2 Re8 49. g3 Reg8 50. Kf2 Ke7 51. Ke1 Re4+ 52. Re2 Rgg4 53. Rxe4 Rxe4+ 54. Kd2 Bg5+ 55. Kd1 Re3 56. Ba1 Rd3+ 57. Ke1 Ra3 58. Kf2 Rxa4 59. Bc3 Ra2+ 60. Kg1 Ra3 61. Be1 Rd3 62. Bf2 Ra3 63. h4 Bh6 64. Kg2 Bd2 65. Be1 Bh6 66. Rf3 Ra1 67. Bc3 Rc1 68. Bb2 Rc2+ 69. Rf2 Rc4 70. Ba1 Rxb4 71. Ra2 Be3 72. Rxa6 Bxd4 73. Bxd4 Rxd4 74. Rxc6 Rc4 75. Rc7+ Kf8 76. c6 d4 77. Rc8+ Kg7 78. c7 e5 79. Re8 Rxc7 80. Rxe5 Kf6 81. Rd5 Rc4 82. Kf2 Ke6 83. Rd8 Ke7 84. Rd5 Ke6 85. Rd8 Ke7 86. Rd5 1/2-1/2

[Event "Kiel op 34th"]
[Site "Kiel"]
[Date "2022.07.31"]
[Round "3"]
[White "Basey, Matthew"]
[Black "Christensen, Andreas"]
[Result "1-0"]
[WhiteElo "1991"]
[BlackElo "1901"]
[PlyCount "63"]
[EventDate "2022.07.30"]
[EventType "swiss"]
[EventRounds "9"]
[EventCountry "GER"]
[SourceTitle "CBM 209 Extra"]
[Source "ChessBase"]
[SourceDate "2022.09.30"]
[SourceVersion "1"]
[SourceVersionDate "2022.09.30"]
[SourceQuality "1"]

1. e4 c6 2. d4 d5 3. e5 c5 4. dxc5 Nc6 5. Nf3 Bg4 6. Nbd2 e6 7. h3 Bxf3 8. Nxf3 Bxc5 9. Bd3 Nge7 10. 0-0 Ng6 11. Qe2 0-0 12. a3 Qc7 13. Re1 Rac8 14. h4 Rfe8 15. c3 Bf8 16. h5 Nge7 17. g3 Na5 18. Kg2 h6 19. Bc2 Qc4 20. Bd3 Qc7 21. Bf4 Nb3 22. Rad1 Nc5 23. Bb1 g6 24. Nd4 a6 25. hxg6 Nxg6 26. Qg4 Ne4 27. f3 Ng5 28. Bxg5 hxg5 29. Qxg5 Bg7 30. f4 Ne7 31. Rh1 Nc6 32. Rh7 1-0

[Event "Kiel op 31st"]
[Site "Kiel"]
[Date "2018.07.29"]
[Round "4"]
[White "Boyens, Birger"]
[Black "Christensen, Andreas"]
[Result "0-1"]
[WhiteElo "1935"]
[BlackElo "1790"]
[PlyCount "108"]
[EventDate "2018.07.28"]
[EventType "swiss"]
[EventRounds "9"]
[EventCountry "GER"]
[SourceTitle "CBM 185 Extra"]
[Source "ChessBase"]
[SourceDate "2018.07.29"]
[SourceVersion "1"]
[SourceVersionDate "2018.07.29"]
[SourceQuality "1"]

1. e4 c5 2. Nf3 d6 3. d4 cxd4 4. Nxd4 Nf6 5. Nc3 a6 6. a4 e5 7. Nb3 Be7 8. f4 0-0 9. Be2 Nc6 10. 0-0 Bd7 11. f5 Nb4 12. Bg5 Bc6 13. Bf3 h6 14. Bh4 Nd7 15. Be1 a5 16. Nd5 Bxd5 17. exd5 Rc8 18. c3 Na6 19. Bd2 Nac5 20. Nxc5 Nxc5 21. b4 axb4 22. cxb4 Nd3 23. a5 Bf6 24. Be4 Nf4 25. b5 Rc4 26. Qf3 Qd7 27. Rfb1 Rfc8 28. h3 Bg5 29. Bb4 Bd8 30. Kh2 Rd4 31. g3 Rcc4 32. gxf4 Rxe4 33. Bd2 exf4 34. a6 bxa6 35. bxa6 Qe7 36. a7 Re2+ 37. Kh1 Rxd2 38. a8Q Rcc2 39. Rb8 Rh2+ 40. Kg1 Qg5+ 41. Kf1 Rcf2+ 42. Qxf2 Rh1+ 43. Ke2 f3+ 44. Kd3 Qxf5+ 45. Kc4 Qe4+ 46. Kb5 Qd3+ 47. Kc6 Qc4+ 48. Kb7 Qc7+ 49. Ka6 Rxa1+ 50. Kb5 Rb1+ 51. Ka4 Qc4+ 52. Ka3 Qc3+ 53. Ka4 Qa1+ 54. Qa2 Qxa2# 0-1

[Event "Kiel op 31st"]
[Site "Kiel"]
[Date "2018.07.28"]
[Round "2"]
[White "Guetschow, Martin"]
[Black "Christensen, Andreas"]
[Result "1-0"]
[WhiteElo "1968"]
[BlackElo "1790"]
[PlyCount "57"]
[EventDate "2018.07.28"]
[EventType "swiss"]
[EventRounds "9"]
[EventCountry "GER"]
[SourceTitle "CBM 185 Extra"]
[Source "ChessBase"]
[SourceDate "2018.07.29"]
[SourceVersion "1"]
[SourceVersionDate "2018.07.29"]
[SourceQuality "1"]

1. e4 c5 2. d4 cxd4 3. c3 dxc3 4. Nxc3 d6 5. Bc4 e6 6. Nf3 Be7 7. Qe2 a6 8. 0-0 Nc6 9. Rd1 Bd7 10. Bf4 e5 11. Be3 Nf6 12. h3 0-0 13. Bb3 b5 14. a4 Na5 15. Bd5 Nxd5 16. Nxd5 Nc4 17. axb5 Bxb5 18. Qe1 Nxb2 19. Rdb1 Na4 20. Qb4 Nc5 21. Nxe5 Nxe4 22. Bb6 Qe8 23. Qxe4 dxe5 24. Nxe7+ Qxe7 25. Rxb5 Qd7 26. Rxe5 Rfc8 27. Re7 Qb5 28. Re1 h6 29. Bd4 1-0

[Event "Hamburg-ch MB"]
[Site "Hamburg"]
[Date "2018.05.21"]
[Round "3"]
[White "Ristic, Sreten"]
[Black "Christensen, Andreas"]
[Result "0-1"]
[WhiteElo "1881"]
[BlackElo "1808"]
[PlyCount "122"]
[EventDate "2018.05.19"]
[EventType "swiss"]
[EventRounds "9"]
[EventCountry "GER"]
[SourceTitle "EXT 2020"]
[Source "ChessBase"]
[SourceDate "2019.10.17"]
[SourceVersion "1"]
[SourceVersionDate "2019.10.17"]
[SourceQuality "1"]

1. e4 c5 2. Nf3 e6 3. Nc3 Nc6 4. d4 cxd4 5. Nxd4 Qc7 6. Be2 a6 7. 0-0 Nf6 8. Kh1 Bb4 9. Nxc6 Qxc6 10. e5 Bxc3 11. bxc3 Nd5 12. c4 Nc3 13. Qd3 Nxe2 14. Qxe2 b5 15. cxb5 axb5 16. f4 Ra4 17. Bb2 Bb7 18. a3 Re4 19. Qd2 0-0 20. Rad1 h6 21. Rf2 Rc8 22. h3 Qd5 23. Qc1 Qc5 24. Qd2 Bd5 25. Kh2 Rc4 26. c3 Ra8 27. Re1 Raa4 28. Rg1 Re4 29. Rf3 Qc4 30. Rd3 Rxf4 31. Bc1 Rf5 32. Rd4 Qc7 33. Re1 f6 34. Rxd5 exd5 35. Qxd5+ Kh8 36. Qxb5 Ra5 37. Qb4 fxe5 38. Re4 d5 39. Rg4 Rc5 40. Bd2 e4+ 41. Kg1 Rc4 42. Qb1 Qc5+ 43. Kh2 Qd6+ 44. Kg1 Qxa3 45. Qb7 Qf8 46. Kh2 Qf7 47. Qa6 Qc7+ 48. Kg1 Rc6 49. Qa4 Qb6+ 50. Kh2 Qb8+ 51. Kg1 Rb6 52. g3 Rb1+ 53. Kg2 Rff1 54. Qd4 Qf8 55. Bf4 Rg1+ 56. Kh2 Rgd1 57. Qf2 Qa3 58. Bxh6 Rb2 59. Bxg7+ Kh7 60. Bd4 Rxf2+ 61. Bxf2 Rd2 0-1

[Event "Kiel op 30th"]
[Site "Kiel"]
[Date "2017.07.31"]
[Round "5"]
[White "Christensen, Andreas"]
[Black "Straetker, Sebastian"]
[Result "0-1"]
[WhiteElo "1809"]
[BlackElo "1887"]
[PlyCount "100"]
[EventDate "2017.07.29"]
[EventType "swiss"]
[EventRounds "9"]
[EventCountry "GER"]
[SourceTitle "EXT 2018"]
[Source "ChessBase"]
[SourceDate "2017.10.13"]
[SourceVersion "1"]
[SourceVersionDate "2017.10.13"]
[SourceQuality "1"]

1. e4 e6 2. d4 d5 3. Nd2 Nf6 4. e5 Nfd7 5. Bd3 c5 6. c3 Nc6 7. Ne2 cxd4 8. cxd4 Be7 9. 0-0 0-0 10. Nf3 f6 11. exf6 Nxf6 12. Re1 Bd6 13. Ng3 Qb6 14. a3 Bd7 15. b4 Rae8 16. Bb2 a6 17. Rc1 Kh8 18. Qc2 Bf4 19. Rcd1 g5 20. Ne2 g4 21. Ne5 Bxe5 22. dxe5 Nh5 23. Ng3 Nxg3 24. hxg3 Re7 25. Bxh7 Rxh7 26. Rxd5 Rf5 27. Rc5 Rfh5 28. Kf1 Ne7 29. Re4 Bb5+ 30. Ke1 Rh1+ 31. Kd2 Nc6 32. Bd4 Qd8 33. Kc3 Rd7 34. Qd2 b6 35. Rxc6 Bxc6 36. Rxg4 Bd5 37. Qe3 Qc8+ 38. Kb2 Qc4 39. Rh4+ Rxh4 40. gxh4 Qa2+ 41. Kc1 Rc7+ 42. Bc5 Qc4+ 43. Kd2 Qxh4 44. Bxb6 Rd7 45. Kc1 Bxg2 46. Qc3 Qh1+ 47. Kb2 Bc6 48. Be3 Rd1 49. Kb3 Rb1+ 50. Kc4 Qd5# 0-1

[Event "Kiel op 30th"]
[Site "Kiel"]
[Date "2017.07.30"]
[Round "3"]
[White "Christensen, Andreas"]
[Black "Benzen, Marthe"]
[Result "0-1"]
[WhiteElo "1809"]
[BlackElo "2016"]
[PlyCount "79"]
[EventDate "2017.07.29"]
[EventType "swiss"]
[EventRounds "9"]
[EventCountry "GER"]
[SourceTitle "EXT 2018"]
[Source "ChessBase"]
[SourceDate "2017.10.13"]
[SourceVersion "1"]
[SourceVersionDate "2017.10.13"]
[SourceQuality "1"]

1. e4 e5 2. Nf3 Nc6 3. Bc4 Bc5 4. c3 Nf6 5. d3 a6 6. h3 Ba7 7. Bb3 0-0 8. Nbd2 d5 9. Qe2 Re8 10. Nf1 d4 11. Ng3 Na5 12. Bc2 c5 13. Nh4 c4 14. Nhf5 b5 15. Qf3 Bc5 16. Bg5 Bxf5 17. Nxf5 cxd3 18. Bxd3 dxc3 19. bxc3 Re6 20. 0-0 h6 21. Bh4 Kh7 22. Rad1 Qb6 23. Be2 Qc6 24. Bxf6 Rxf6 25. Qh5 Bf8 26. Ne3 g6 27. Qxe5 Re8 28. Qd5 Rxe4 29. Qd8 Be7 30. Qxa5 Ra4 31. Qxa4 bxa4 32. Nd5 Re6 33. Bf3 Qc5 34. Rb1 Kg7 35. Rb7 Bd6 36. Rd1 a3 37. Kh1 Qxf2 38. Rbb1 Qg3 39. Kg1 Qh2+ 40. Kf2 0-1

[Event "Berlin Lichtenberger op 15th"]
[Site "Berlin"]
[Date "2016.08.19"]
[Round "7"]
[White "Christensen, Andreas"]
[Black "Bartoszewski Reiski, Olaf"]
[Result "1/2-1/2"]
[WhiteElo "1758"]
[BlackElo "1574"]
[PlyCount "60"]
[EventDate "2016.08.13"]
[EventType "swiss"]
[EventRounds "9"]
[EventCountry "GER"]
[SourceTitle "CBM 173 Extra"]
[Source "ChessBase"]
[SourceDate "2016.08.29"]
[SourceVersion "1"]
[SourceVersionDate "2016.08.29"]
[SourceQuality "1"]

1. e4 c5 2. Nf3 e6 3. d4 cxd4 4. Nxd4 Nf6 5. Nc3 Bb4 6. f3 d5 7. Bb5+ Bd7 8. 0-0 Bxc3 9. Bxd7+ Nbxd7 10. bxc3 Rc8 11. Kh1 0-0 12. Ba3 Re8 13. Rb1 b6 14. Nb5 Nc5 15. e5 Nh5 16. Nd6 Na4 17. Qe1 Rxc3 18. Bb4 Rxc2 19. Nxe8 Qxe8 20. Qh4 f6 21. Rbc1 Rxa2 22. Rc7 Nc5 23. Bxc5 bxc5 24. Rxc5 h6 25. g4 Nf4 26. exf6 Qf8 27. Rfc1 g5 28. f7+ Kh7 29. Qe1 Nd3 30. Qxe6 Nxc5 1/2-1/2

[Event "Berlin Lichtenberger op 15th"]
[Site "Berlin"]
[Date "2016.08.13"]
[Round "1"]
[White "Christensen, Andreas"]
[Black "Rietze, Clemens"]
[Result "1/2-1/2"]
[WhiteElo "1758"]
[BlackElo "2368"]
[PlyCount "114"]
[EventDate "2016.08.13"]
[EventType "swiss"]
[EventRounds "9"]
[EventCountry "GER"]
[SourceTitle "CBM 173 Extra"]
[Source "ChessBase"]
[SourceDate "2016.08.29"]
[SourceVersion "1"]
[SourceVersionDate "2016.08.29"]
[SourceQuality "1"]

1. e4 c5 2. Nf3 e6 3. d4 cxd4 4. Nxd4 Nc6 5. c4 Nf6 6. Nc3 Bb4 7. Nxc6 bxc6 8. Qc2 0-0 9. Be2 e5 10. 0-0 Bc5 11. Na4 Bd4 12. Bd2 d6 13. Rac1 Be6 14. h3 Nd7 15. Be3 Bxe3 16. fxe3 Qg5 17. Rf3 f5 18. Rcf1 fxe4 19. Qxe4 d5 20. Rxf8+ Nxf8 21. Qf3 Nd7 22. cxd5 cxd5 23. Bb5 Nf6 24. Nc5 Kf7 25. Nxe6 Kxe6 26. Rc1 Rb8 27. a4 Rb6 28. Rc7 a6 29. Rc6+ Rxc6 30. Bxc6 Qg6 31. Qe2 Qb1+ 32. Kh2 a5 33. Bb7 Qe4 34. Bc8+ Kf7 35. Bb7 Qxa4 36. Ba6 Qe4 37. Bb7 Qb4 38. Bc8 Qb6 39. Bf5 e4 40. Qc2 Qb8+ 41. Kg1 Qe5 42. Bc8 Kg6 43. Ba6 d4 44. exd4 Qxd4+ 45. Kh1 h5 46. Bb7 Qb4 47. Bc6 Qe1+ 48. Kh2 h4 49. Bb5 Nh5 50. Be8+ Kh6 51. Bxh5 Kxh5 52. Qc5+ Kh6 53. Qe5 Qe3 54. Qe6+ Kh7 55. Qf5+ Kh6 56. Qe6+ Kg5 57. Qe5+ Kh6 1/2-1/2

[Event "Kiel op-A 29th"]
[Site "Kiel"]
[Date "2016.07.30"]
[Round "1"]
[White "Christensen, Andreas"]
[Black "Ghadimi, Mohammed Reza"]
[Result "0-1"]
[WhiteElo "1773"]
[BlackElo "2098"]
[PlyCount "42"]
[EventDate "2016.07.30"]
[EventType "swiss"]
[EventRounds "9"]
[EventCountry "GER"]
[SourceTitle "CBM 173 Extra"]
[Source "ChessBase"]
[SourceDate "2016.08.29"]
[SourceVersion "1"]
[SourceVersionDate "2016.08.29"]
[SourceQuality "1"]

1. e4 c5 2. d4 cxd4 3. c3 Nf6 4. e5 Nd5 5. Nf3 e6 6. cxd4 b6 7. Nbd2 Bb7 8. Bc4 d6 9. 0-0 Nd7 10. Ne4 Qc7 11. Bb5 a6 12. Nxd6+ Bxd6 13. exd6 Qxd6 14. Ba4 0-0 15. Re1 b5 16. Bc2 Rac8 17. Bxh7+ Kxh7 18. Ng5+ Kg8 19. Qh5 N5f6 20. Qh4 Qd5 21. Re4 Qxa2 0-1

[Event "Kiel op-A 29th"]
[Site "Kiel"]
[Date "2016.07.30"]
[Round "2"]
[White "Keyser, Robin"]
[Black "Christensen, Andreas"]
[Result "0-1"]
[WhiteElo "1925"]
[BlackElo "1773"]
[PlyCount "118"]
[EventDate "2016.07.30"]
[EventType "swiss"]
[EventRounds "9"]
[EventCountry "GER"]
[SourceTitle "CBM 173 Extra"]
[Source "ChessBase"]
[SourceDate "2016.08.29"]
[SourceVersion "1"]
[SourceVersionDate "2016.08.29"]
[SourceQuality "1"]

1. Nf3 Nf6 2. g3 g6 3. Bg2 Bg7 4. c4 c5 5. 0-0 0-0 6. d4 d6 7. Nc3 a6 8. Qc2 Nbd7 9. dxc5 Nxc5 10. b4 Bf5 11. Qd1 Nfe4 12. Nxe4 Bxa1 13. Nxc5 dxc5 14. Be3 Bg7 15. Qxd8 Rfxd8 16. Bxc5 e5 17. Nh4 Bc8 18. Bd5 Bh3 19. Rd1 Be6 20. e4 b5 21. Bb6 bxc4 22. Bxd8 Rxd8 23. Rc1 Bxd5 24. exd5 Rxd5 25. Rxc4 Kf8 26. Nf3 h6 27. a4 Ke7 28. Kg2 Ke6 29. Ne1 Rd4 30. Rc6+ Rd6 31. Rc4 Rd4 32. Rc6+ Rd6 33. Rc4 Bf8 34. Nc2 f5 35. h3 g5 36. Rc8 Be7 37. Rh8 Kd5 38. Ne3+ Ke4 39. g4 f4 40. Nf5 f3+ 41. Kg3 Rd7 42. Rh7 h5 43. Rxe7 h4+ 44. Kh2 Rd2 45. Rc7 Rxf2+ 46. Kg1 Rg2+ 47. Kf1 Rh2 48. Rc3 Rxh3 49. Re3+ Kf4 50. b5 axb5 51. axb5 Kxg4 52. Rxe5 Kf4 53. Rc5 g4 54. Kg1 g3 55. Nxg3 hxg3 56. Rc4+ Ke5 57. Rc5+ Kd6 58. Rf5 g2 59. Kf2 Rh1 0-1

[Event "Hamburg-ch cand"]
[Site "Hamburg"]
[Date "2016.05.16"]
[Round "3"]
[White "Christensen, Andreas"]
[Black "Ristic, Sreten"]
[Result "1-0"]
[WhiteElo "1774"]
[BlackElo "1912"]
[PlyCount "133"]
[EventDate "2016.05.14"]
[EventType "swiss"]
[EventRounds "9"]
[EventCountry "GER"]
[SourceTitle "EXT 2018"]
[Source "ChessBase"]
[SourceDate "2017.10.13"]
[SourceVersion "1"]
[SourceVersionDate "2017.10.13"]
[SourceQuality "1"]

1. e4 d6 2. d4 Nc6 3. c3 e5 4. Bb5 exd4 5. cxd4 Bd7 6. Nc3 Nge7 7. Bg5 f6 8. Be3 g6 9. Nge2 a6 10. Ba4 b5 11. Bb3 Na5 12. Nf4 c6 13. Ne6 Bxe6 14. Bxe6 Nb7 15. Qb3 Bg7 16. a3 Qc7 17. Rc1 Nd8 18. Nd5 Qb7 19. Nf4 a5 20. h4 a4 21. Qd1 Bh6 22. Qg4 b4 23. 0-0 b3 24. Nd3 Bg7 25. Rc4 Nxe6 26. Qxe6 Qd7 27. Qxd7+ Kxd7 28. Rfc1 Rhc8 29. g4 f5 30. gxf5 gxf5 31. e5 h6 32. exd6 Nd5 33. Nc5+ Kxd6 34. Nxa4 f4 35. Bd2 h5 36. Bb4+ Ke6 37. Rxc6+ Rxc6 38. Rxc6+ Kf5 39. Rc5 Rxa4 40. Rxd5+ Ke4 41. Rxh5 Bxd4 42. Rb5 Kd3 43. Rd5 Kc4 44. Rxd4+ Kxd4 45. Kg2 Kd3 46. Be7 Re4 47. Bf6 Ke2 48. h5 Re6 49. Bg7 Rd6 50. h6 Rd5 51. a4 Rh5 52. Bf8 Ra5 53. Bg7 Rf5 54. Kh3 Kxf2 55. Kg4 Ra5 56. Bd4+ Ke2 57. h7 Rxa4 58. h8Q Kd3 59. Bc3 Kc2 60. Qh7+ Kc1 61. Qh1+ Kc2 62. Qg2+ Kb1 63. Qf1+ Ka2 64. Qe2 Ka1 65. Qb5 Re4 66. Qxb3 Kb1 67. Qd5 1-0